| 000 | 01014 a2200337 4500 | ||
|---|---|---|---|
| 001 | 200002548 | ||
| 003 | TR-AnTOB | ||
| 005 | 20240724111949.0 | ||
| 008 | 150429s tu 000 0 | ||
| 020 | _a9786055479039 | ||
| 040 |
_aTR-AnTOB _btur _erda _cTR-AnTOB |
||
| 041 | 0 | _atur | |
| 050 | 0 |
_aKKX3220.A15 _b.O76 2010 |
|
| 090 | _aKKX3220.A15 .O76 2010 | ||
| 100 |
_aOrman, Hüseyin _971864 |
||
| 110 | 1 |
_aRekabet Kurumu (Turkey) _918088 |
|
| 245 | 0 |
_aKartellerde bireylere uygulanacak yaptırımlar, _cHüseyin Orman. |
|
| 264 | 1 |
_aAnkara : _bRekabet Kurumu, _c2010. |
|
| 300 |
_a92 s. ; _c24 cm. |
||
| 336 |
_atext _2rdacontent _btxt |
||
| 337 |
_aunmediated _2rdamedia _bn |
||
| 338 |
_avolume _2rdacarrier _bnc |
||
| 490 | 0 |
_aRekabet Kurumu Yayın ; _v261 _aUzmanlık Tezleri Serisi ; _v110 |
|
| 504 | _aKaynakça var. | ||
| 650 | 0 | 0 |
_aCartels _958051 |
| 650 | 0 | 0 |
_aAntitrust law _919679 |
| 650 | 0 | 7 |
_aAntitröst hukuku _919678 |
| 650 | 0 | 7 |
_aKarteller _2etuturkob _943760 |
| 942 |
_cBK _2lcc |
||
| 999 |
_c200002548 _d38948 |
||